| 000 | 00691nam a2200229 i 4500 | ||
|---|---|---|---|
| 001 | bgj | ||
| 100 | 1 | _aMOZART, Wolfgang Amadeus. | |
| 245 | 1 | 0 |
_aDie Hochzeit des Figaro : _bkomische Oper in vier Akten / _cText von Lorenzo da Ponte ; deutscher Text von Karl Wolfskehl. |
| 260 |
_aMarbach am Neckar: _bhrsg. vom Deutschen Literaturarchiv, _c1978. |
||
| 300 |
_a108 s., [6] k. : _bil. ; _c24 cm. |
||
| 490 | 1 | _aMarbacher Schriften | |
| 650 | 9 | _aSztuka | |
| 700 | 1 | _aPONTE, Lorenzo da. | |
| 700 | 1 | _aWOLFSKEHL, Karl. | |
| 830 | _aMarbacher Schriften | ||
| 040 | _cBPK | ||
| 041 | 0 | _ager | |
| 044 | _aDEU | ||
| 080 | _a7 | ||
| 942 | _cKS | ||
| 008 | s gw f |000 0 ger | ||
| 999 |
_c50559 _d50559 |
||
| 856 |
_uhttp://koha.tu.koszalin.pl/cgi-bin/koha/opac-detail.pl?biblionumber=50559 _yKatalog online BPK |
||